I munera gladiatoria in Italia: considerazioni sulla loro documentazione epigrafica
Saved in:
| Main Author: | |
|---|---|
| Format: | Book |
| Language: | Italian |
| Published: |
Nápoles
Jovene Editore
1996
|
| Edition: | 1a. ed |
| Subjects: | |
| Tags: |
Add Tag
No Tags, Be the first to tag this record!
|
MARC
| LEADER | 00000cam a2200000 a 4500 | ||
|---|---|---|---|
| 001 | UCD8877 | ||
| 003 | CL-VaPUC | ||
| 008 | 170527e19960000it |||||||||||||||||ita|d | ||
| 082 | 0 | 4 | |a 937 |b FOR |2 21 |
| 100 | 0 | |a Fora, Maurizio |e author |9 592440 | |
| 245 | 1 | 2 | |a I munera gladiatoria in Italia: considerazioni sulla loro documentazione epigrafica |
| 250 | |a 1a. ed | ||
| 300 | |a 385 p | ||
| 942 | |c BK | ||
| 945 | |d 20170527 00:32:00 |a arojas | ||
| 260 | |a Nápoles |b Jovene Editore |c 1996 | ||
| 650 | 7 | |a GLADIADORES |2 CL-VaPUC |9 592441 | |
| 650 | 0 | |a Historia antigua |9 267521 | |
| 650 | 0 | |a Imperio Romano |9 322785 | |
| 650 | 7 | |a CIRCO ROMANO |2 CL-VaPUC |9 592442 | |
| 583 | |a last modification |c 20170527 00:32:00 |k Rodrigo Vera | ||
| 999 | |c 368184 |d 368182 | ||
| 952 | |0 0 |1 0 |3 erb |4 0 |6 937_000000000000000_FOR_1996 |7 0 |8 A |9 483455 |a FDOLAF |b FDOLAF |e Laffi, Umberto, 1939- |i 5391431 |o 937 FOR 1996 |p 5391431 |r 2024-01-30 |w 2019-11-24 |y BK |z Catalogado en:20170527 |k LAF | ||